Orientalist aesthetics : art, colonialism, and French North Africa, 1880-1930
Αποθηκεύτηκε σε:
| Κύριος συγγραφέας: | |
|---|---|
| Μορφή: | Βιβλίο |
| Γλώσσα: | English |
| Δημοσίευση: |
Berkeley :
University of California Press,
c2003.
|
| Θέματα: | |
| Ετικέτες: |
Προσθήκη ετικέτας
Δεν υπάρχουν, Καταχωρήστε ετικέτα πρώτοι!
|
MARC
| LEADER | 00000cam a2200000 i 4500 | ||
|---|---|---|---|
| 001 | 1/78133 | ||
| 008 | 050608s2003 us adb ||| |||| ||eng|| | ||
| 020 | |a 0520222172 | ||
| 035 | |l 10078424 | ||
| 040 | |a GR-MY-UA |b gre |e aacr | ||
| 041 | 0 | |a eng | |
| 082 | 0 | |a 578.995 |2 (22) | |
| 100 | 1 | |a Benjamin, Roger, |d 1957- | |
| 245 | 1 | 0 | |a Orientalist aesthetics : |b art, colonialism, and French North Africa, 1880-1930 / |c Roger Benjamin. |
| 260 | |a Berkeley : |b University of California Press, |c c2003. | ||
| 300 | |a xxi, 352 σ. : |b πιν., έγχρ. εικ., χάρτ.; |c 29 εκ. | ||
| 504 | |a Περιέχει βιβλιογραφία και ευρετήριο. | ||
| 650 | 0 | 0 | |a Orientalism in art |z France. |
| 650 | 0 | 0 | |a Orientalism in art |z Africa, North. |
| 650 | 0 | 0 | |a Painting, French |y 19th century. |
| 650 | 0 | 0 | |a Painting, French |y 20th century. |
| 651 | 0 | |a Africa, North |x In art. | |
| 852 | |a INST |b LESVOS |e 20050608 |h 758.995 BEN |p 005100032147 |q 005100032147 |t BK |y 0 | ||
| 901 | |a BIBL1-2005-2 | ||
| 909 | |a Λ |b 113787 | ||
| 920 | |a ΔΙΕΥΡΥΝΣΗ |b ΕΠΕΑΕΚ-ΠΤΕ |y ΛΕΣΒΟΣ |z 2004-10 | ||
| 970 | |a ΚΑΡΑ |b ΓΙΑΣΕΜΗ |z 2005/06/08 | ||